• 首页
  • 本馆介绍
  • 公告通知
  • 最新文献
  • 馆藏检索
  • 电子资源
  • 读者导购
  • 参考咨询
  • 我的图书馆
  • 登录
  • 详细信息显示
  • 放入我的书架
  • 预约/预借图书
  • 作者相关作品
  • 分类相关作品
  • 丛书相关作品
  • 出版社相关作品

书目信息

  • 表格格式
  • 工作单格式
  • 卡片格式
题名:
三维码+
    
 
作者: 陈绳旭 著
分册:  
出版信息: 北京   北京理工大学出版社  2017
页数: 221页
开本: 24cm
丛书名:
单 册:
中图分类: TP391.44
科图分类:
主题词: 条码技术
电子资源:
ISBN: 978-7-5682-3860-1
000 00692nam0 2200217 450
001 2348630901
005 20231130133046.42
010    @a978-7-5682-3860-1@dCNY48.00
100    @a20170802d2017 em y0chiy50 ea
101 0  @achi
102    @aCN@b110000
105    @aa z 000yy
200 1  @a三维码+@Asan wei ma +@e颠覆二维码,引爆移动互联网新入口@f陈绳旭著
210    @a北京@c北京理工大学出版社@d2017
215    @a221页@c图,照片@d24cm
517 1  @a颠覆二维码,引爆移动互联网新入口@Adian fu er wei ma , yin bao yi dong hu lian wang xin ru kou
606 0  @a条码技术
690    @aTP391.44@v5
701  0 @a陈绳旭@Achen sheng xu@4著
801  0 @aCN@b91MARC@c20170802
905    @aBZT@dTP391.44@e2
    
    三维码+:颠覆二维码,引爆移动互联网新入口/陈绳旭著.-北京:北京理工大学出版社,2017
    221页:图,照片;24cm
    
    
    ISBN 978-7-5682-3860-1:CNY48.00
    
●
相关链接 在五车中查询图书 在当当中查询图书 在豆瓣中查询图书


正题名:三维码+     索取号:TP391.44/2         预约/预借

序号 登录号 条形码 馆藏地/架位号 状态 备注
1 2001236487   2001236487   中教(第二批第二书库)/山东中教(第二批)/1452/ [索取号:TP391.44/2] 在馆    
2 2001236488   2001236488   中教(第二批第二书库)/山东中教(第二批)/1452/ [索取号:TP391.44/2] 在馆    
3 2001236489   2001236489   中教(第二批第二书库)/山东中教(第二批)/1452/ [索取号:TP391.44/2] 在馆    
4 2001236490   2001236490   中教(第二批第二书库)/山东中教(第二批)/1452/ [索取号:TP391.44/2] 在馆    
5 2001236491   2001236491   中教(第二批第二书库)/山东中教(第二批)/1452/ [索取号:TP391.44/2] 在馆    
6 2001236492   2001236492   中教(第二批第二书库)/山东中教(第二批)/1452/ [索取号:TP391.44/2] 在馆    
7 2001236493   2001236493   中教(第二批第二书库)/山东中教(第二批)/1452/ [索取号:TP391.44/2] 在馆    
8 2001236494   2001236494   中教(第二批第二书库)/山东中教(第二批)/1452/ [索取号:TP391.44/2] 在馆    
9 2001236495   2001236495   中教(第二批第二书库)/山东中教(第二批)/1452/ [索取号:TP391.44/2] 在馆    
10 2001236496   2001236496   中教(第二批第二书库)/山东中教(第二批)/1452/ [索取号:TP391.44/2] 在馆    
11 2001236497   2001236497   中教(第二批第二书库)/山东中教(第二批)/1452/ [索取号:TP391.44/2] 在馆    
12 2001236498   2001236498   中教(第二批第二书库)/山东中教(第二批)/1452/ [索取号:TP391.44/2] 在馆    
13 2001236499   2001236499   中教(第二批第二书库)/山东中教(第二批)/1452/ [索取号:TP391.44/2] 在馆    
14 2001236500   2001236500   中教(第二批第二书库)/山东中教(第二批)/1452/ [索取号:TP391.44/2] 在馆    
15 2001236501   2001236501   中教(第二批第二书库)/山东中教(第二批)/1452/ [索取号:TP391.44/2] 在馆    
16 2001236502   2001236502   中教(第二批第二书库)/山东中教(第二批)/1452/ [索取号:TP391.44/2] 在馆    
17 2001236503   2001236503   中教(第二批第二书库)/山东中教(第二批)/1452/ [索取号:TP391.44/2] 在馆    
18 2001236504   2001236504   中教(第二批第二书库)/山东中教(第二批)/1452/ [索取号:TP391.44/2] 在馆    
19 2001236505   2001236505   中教(第二批第二书库)/山东中教(第二批)/1452/ [索取号:TP391.44/2] 在馆    
20 2001236506   2001236506   中教(第二批第二书库)/山东中教(第二批)/1452/ [索取号:TP391.44/2] 在馆    
21 2001236507   2001236507   中教(第二批第二书库)/山东中教(第二批)/1452/ [索取号:TP391.44/2] 在馆    
22 2001236508   2001236508   中教(第二批第二书库)/山东中教(第二批)/1452/ [索取号:TP391.44/2] 在馆    
23 2001236509   2001236509   中教(第二批第二书库)/山东中教(第二批)/1452/ [索取号:TP391.44/2] 在馆    
24 2001236510   2001236510   中教(第二批第二书库)/山东中教(第二批)/1452/ [索取号:TP391.44/2] 在馆    
25 2001236511   2001236511   中教(第二批第二书库)/山东中教(第二批)/1452/ [索取号:TP391.44/2] 在馆    
26 2001236512   2001236512   中教(第二批第二书库)/山东中教(第二批)/1452/ [索取号:TP391.44/2] 在馆    
27 2001236513   2001236513   中教(第二批第二书库)/山东中教(第二批)/1452/ [索取号:TP391.44/2] 在馆    
28 2001236514   2001236514   中教(第二批第二书库)/山东中教(第二批)/1452/ [索取号:TP391.44/2] 在馆    
29 2001236515   2001236515   中教(第二批第二书库)/山东中教(第二批)/1452/ [索取号:TP391.44/2] 在馆    
30 2001236516   2001236516   中教(第二批第二书库)/山东中教(第二批)/1452/ [索取号:TP391.44/2] 在馆    
山东省滨州职业学院图书馆 欢迎您!
大连网信软件有限公司© 版权所有